| 000 -LEADER |
| fixed length control field |
00329nam a22001217a 4500 |
| 008 - FIXED-LENGTH DATA ELEMENTS--GENERAL INFORMATION |
| fixed length control field |
250701b ||||| |||| 00| 0 eng d |
| 020 ## - INTERNATIONAL STANDARD BOOK NUMBER |
| International Standard Book Number |
9781405223102 |
| 082 ## - DEWEY DECIMAL CLASSIFICATION NUMBER |
| Classification number |
FIC STA |
| 100 ## - MAIN ENTRY--PERSONAL NAME |
| Personal name |
STANTON,ANDY |
| Relator term |
AUTHOR |
| 245 ## - TITLE STATEMENT |
| Title |
YOU'RE A BAD MAN,MR GUM! |
| 260 ## - PUBLICATION, DISTRIBUTION, ETC. |
| Place of publication, distribution, etc. |
239 KENSINGTON HIGH STREET,LONDON W8 6SA |
| Name of publisher, distributor, etc. |
EGMONT |
| Date of publication, distribution, etc. |
2006 |
| 942 ## - ADDED ENTRY ELEMENTS (KOHA) |
| Source of classification or shelving scheme |
|